| 000 | 00633nam a22001817a 4500 | ||
|---|---|---|---|
| 008 | 160930b xxu||||| |||| 00| 0 eng d | ||
| 020 | _a0072875615 | ||
| 050 |
_aHB 172 _b.M33 2005 |
||
| 100 | _aMcConnell, Campbell R. | ||
| 245 |
_aMicroeconomics : _bprinciples, problems, and policies/ _cCampbell, R. mcConnell and Stanley L. Blue. |
||
| 250 | _a16th ed. | ||
| 260 |
_aBoston Burr Ridge : _bMc Graw-Hill Irwin, _cc2005. |
||
| 300 |
_axxiii, 487p. : _bill. ; _c25cm. |
||
| 500 | _aIncludes appendix and index. | ||
| 650 | _aMicroeconomics. | ||
| 700 | _aBrue, Stanley L. | ||
| 942 |
_2lcc _cBOOKS _hHB 172 .M33 2005 _01 |
||
| 999 |
_c14390 _d14390 |
||